02340nam a22003737a 4500999001700000005001700017008004100034020001800075040002700093041000800120044000700128082001600135100003400151245012600185250002200311260011300333300006000446520045500506650002500961650001600986650002201002650002801024650001201052700003201064700002701096700006201123700003201185710008101217942001501298952016901313952017201482952015701654952015501811 c20354d2035420181115164841.0181115b2018 ck a||||r|||| 00| 0 spa d a9789585418455 aCO-BoIAVH cCO-BoIAVH 0 aspa ack04a809.3bB27c1 aBarragán, Andréseguiones10aCrónicas de la resiliencia : bEl origen / cAndrés Barragán [y otros 4] ; ilustraciones Guillermo Torres Carreño aPrimera edición aBogotá (Colombia) : bInstituto de Investigación de Recursos Biológicos Alexander von Humboldt,c2018. a120 páginas : bilustraciones a color ; c28 x 22 cm. 3aEn el año 2100, el planeta es un lugar inhóspito para los humanos y las otras especies que aún existen. Escondido en el Caribe colombiano sobrevive Aguamarina, un enclave construido por los últimos remanentes de las civilizaciones de la Tierra. Allí, científicos brillantes, liberados por Ceiba Stelis y Otus Marko, han desarrollado tecnologías que les han permitido sobrellevar temporalmente los retos de su nueva realidad climática.26aEcologíazColombia26aResiliencia26aCiencia ficción26aLiteratura de ficción26aCómic1 aRamírez, Julianaeguiones1 aMikán, Juaneguiones1 aTorres-Carreño, Guillermo Andréseguioneseilustrador1 aMarín C., Marthaeguiones2 aInstituto de Investigación de Recursos Biológicos Alexander von Humboldt 2ddccLIBRO 00102ddc40708HUMBOLDTIINV2018aBogotabBogotad2018-11-15l2oIAVH-809.3 B27cp030221r2023-11-09 00:00:00s2023-11-07tEj. 1w2018-11-15xInstitucionalyLIBRO 00102ddc40708HUMBOLDTIINV2018aBogotabBogotad2018-11-15l1m2oIAVH-809.3 B27cp030220r2019-03-18 00:00:00s2018-12-10tEj. 2w2018-11-15xInstitucionalyLIBRO 00102ddc40708HUMBOLDTIINV2018aVenadobVenadod2018-11-15l0oIAVH-809.3 B27cp030219r2018-11-15 00:00:00tEj. 3w2018-11-15xInstitucionalyLIBRO 00102ddc40708HUMBOLDTIINV2018aVillabVillad2018-11-15l0oIAVH-809.3 B27cp030218r2018-11-15 00:00:00tEj. 4w2018-11-15xInstitucionalyLIBRO